1100 1918 1973 1486 1815 1582 1733 1707 1364 1856 1411 1520 1865 1490 1846 1716 1048 1102 1816 1629 1182 1481 1774 1546 1973 1836 1991 1133 1921 1123 1309 1713 1472 1377 1404 1919 1218 1501 1587 1129 1448 1943 1320 1295 1700 1007 1257 1367 1535 1016 1751 1525 1335 1961 1072 1481 1054 1961 1499 1616 1675 1208 1343 1661 1320 1818 1613 1040 1368 1869 1090 1962 1774 1520 1178 1472 1761 1785 1256 1983 1123 1647 1142 1684 1688 1952 1903 1923 1836 1949 1580 1867 1102 1445 1097 1935 1227 1958 1268 BCNSPRNW ULIB Ver.6.0+V

เปลี่ยนเป็นภาษาไทย

Change to English
 แสดงรายละเอียดบรรณานุกรม
  กลับหน้าหลัก

Brief Record : Get Marc (ISO 2709) : E-mail record : QR code < ปิดหน้าต่าง
LEADER : 00000nam 2200000uu 4500
001    13399122375
003     ULIB
008    130228s||||||||th 000 0 tha d
060  4 ^aWY150^bน511อ
100 0  ^aนำพิชญ์ ธรรมหิเวศน์
110 1  ^aกระทรวงสาธารณสุข สถาบันพระบรมราชชนก.^bวิทยาลัยพยาบาลบรมราชชนนี สงขลา
245 00 ^aเอกสารประกอบการสอน วิชาการพยาบาลผู้ใหญ่และผู้สูงอายุ หลักสูตรประกาศนียบัตรพยาบาลศาสตร์^cนำพิชญ์ ธรรมหิเวศน์
246 0  ^aวิชาการพยาบาลผู้ใหญ่และผู้สูงอายุ
260    ^aสงขลา:^bวิทยาลัยพยาบาลบรมราชชนนี นราธิวาส,^cม.ป.ป.
300    ^a155 หน้า:^bภาพประกอบ
650  7 ^aการพยาบาลผู้ใหญ่
650  7 ^aการพยาบาลผู้สูงอายุ
945    ^p0^l0^i033620
999    ^aเกษร โพธิ์สุวรรณ
รายการนี้ยังไม่มีแท็ก
คุณยังไม่ได้ล็อกอิน คุณสามารถมีกิจกรรมร่วมกับเว็บไซต์ได้ แต่ต้องล็อกอินก่อน ::
  ล็อกอิน

รายการสื่อสารสนเทศ

ลำดับที่ ประเภท เลขเรียก/บาร์โค้ด สถานที่ สถานะ
1. วิทยาศาสตร์การแพทย์ และสุขภาพ
หนังสือสำรอง
สถานะ=หนังสือสำรอง
WY150 น511อ ฉ.1 
  Barcode: 033620
ห้องสมุดวิทยาเขตสวรรค์ประชารักษ์
►หนังสือทั่วไป
บนชั้น

รายการใกล้เคียง
    หัวเรื่อง [การพยาบาลผู้ใหญ่]
    หัวเรื่อง [การพยาบาลผู้สูงอายุ]

BibComment


ยังไม่เคยถูกคอมเมนท์

คอมเมนท์ทรัพยากรรายการนี้
  คอมเมนท์: เอกสารประกอบการส..


 Copyright 2026. Bcnsprnw @Library